|
|
|
|
| LEADER |
01067nam a2200277 a 4500 |
| 001 |
15672544 |
| 008 |
120731s2009 bg b 001 0 eng |
| 010 |
|
|
|a 2009341635
|
| 020 |
|
|
|a 9847022000202
|
| 040 |
|
|
|a DLC
|c DLC
|d DLC
|d BD-DhAAL
|
| 042 |
|
|
|a lcode
|
| 043 |
|
|
|a a-bg---
|
| 050 |
0 |
0 |
|a HV6433.B36
|b T47 2009
|
| 082 |
0 |
0 |
|a 954.9205
|2 22
|
| 245 |
0 |
0 |
|a Terrorism in the 21st century :
|b perspectives from Bangladesh /
|c edited by Imtiaz Ahmed.
|
| 246 |
3 |
|
|a Terrorism in the twentyfirst century
|
| 260 |
|
|
|a Dhaka :
|b University Press,
|c 2009.
|
| 300 |
|
|
|a 205 p. ;
|c 22 cm.
|
| 504 |
|
|
|a Includes bibliographical references and index.
|
| 541 |
|
|
|e 00025737
|
| 650 |
|
0 |
|a Terrorism
|z Bangladesh
|x Prevention.
|
| 650 |
|
0 |
|a Terrorism
|z Bangladesh
|x Prevention
|x Finance.
|
| 700 |
1 |
|
|a Ahmed, Imtiaz,
|d 1958-
|
| 852 |
1 |
|
|a Ayesha Abed Library
|c General Shelf.
|
| 999 |
|
|
|c 12679
|d 12679
|
| 952 |
|
|
|0 0
|1 0
|2 ddc
|4 0
|6 954_920500000000000_TER
|7 0
|9 20914
|a IGS
|b IGS
|c GEN
|d 2012-08-05
|e The University Press
|g 500.00
|l 1
|m 2
|o 954.9205 TER
|p 3010025737
|r 2014-06-09
|s 2013-02-18
|t 1
|w 2012-08-05
|y BK
|